000 00426nam a2200169 a 4500
001 1973
003 CO-ViMGA
008 141112s2004 ck r 000 u spa d
040 _aCO-ViMGA
_bspa
_cCO-ViMGA
082 0 4 _a133.54 C656
100 1 _aColombres, Sylvia
_950625
245 1 0 _aEl verdadero horoscopo chino
260 _aBuenos Aires :
_bJupiter,
_c1988
300 _a67 p
650 1 4 _aHOROSCOPO CHINO
942 _2ddc
_cBK
999 _c14124
_d14124